Countries that end with Stan - Statistics

General Stats
  • This quiz has been taken 23 times
  • The average score is 6 of 7
Answers on the Map
Answers color-coded by a green-red scale on the quiz's map according to % correct below.
 
Answer Stats
Answer % Correct
Afghanistan
100%
Kazakhstan
95%
Pakistan
95%
Uzbekistan
95%
Tajikistan
89%
Turkmenistan
89%
Kyrgyzstan
84%
No matching quizzes found
Score Distribution
Percent of People with Each Score
Percentile by Number Answered
Your Score History
You have not taken this quiz